El orden internacional perfecto

Detalles Bibliográficos
Autor principal: Torrijos, Vicente
Formato: Libro
Lenguaje:español
Publicado: Colombia Editorial Universidad de Rosario (Colombia) 2013
Materias:
Acceso en línea:Acceso restringido

MARC

LEADER 00000nam a22000007a 4500
005 20151102094414.0
007 cr|||| ||
008 151102s2013 ck ||||| |||| 00||0 spa d
020 |a 978-958-738-331-7 
035 |a 12924 
040 |a vLex 
090 |c 5637  |d 5637 
100 1 |a Torrijos, Vicente 
245 1 3 |a El orden internacional perfecto  |h [Recurso electrn̤ico] /   |c Vicente Torrijos 
256 |a Servicio en ln̕ea  
260 |a Colombia  |b Editorial Universidad de Rosario (Colombia)  |c 2013 
300 |a 1 recurso electrn̤ico  
500 |a La obra que el profesor Vicente Torrijos ha escrito sobre el sistema internacional actual constituye un serio profundo y documentado anl̀isis sobre las tendencias del orden global y el trg̀ico fenm̤eno que durante cinco dčadas ha segado miles de vidas y sembrado de dolor la tierra colombiana. Constituye sin duda un valioso aporte desde la perspectiva acadm̌ica a la titǹica tarea de entender las ml︢tiples aristas de un problema de enorme complejidad cuyas distintas variables disecciona con lucidez el autor. Muchos de los estudios que se publican en nuestro pas̕ sobre el fenm̤eno de la violencia pecan en mi opinin̤ por simplistas. Se suele tratar de explicar e incluso de justificar dicho fenm̤eno con el argumento de la desigualdad social y de la pobreza extrema en que viven los sectores marginados de nuestra sociedad. Andrš Pastrana ArangoEx Presidente de Colombia. 
506 1 |a Contenido solo disponible en los productos indicados  |d vLex Global  |d vLex Global (Academic Edition, excluding Law Schools)  |d vLex Global (U.S. Academic Edition, Law Schools)  |d vLex Global (U.S. Academic Edition, excluding Law Schools)  |d vLex Global (Academic Edition, Law Schools) 
650 0 4 |a Derecho  |z Colombia 
740 0 |a vLex libros (servicio en ln̕ea) 
856 4 0 |u http://vlex.com/source/orden-internacional-perfecto-12924  |z Acceso restringido 
942 |c BOOK 
999 0 |a Law